<?xml version="1.0" encoding="UTF-8"?>
<record
    xmlns:xsi="http://www.w3.org/2001/XMLSchema-instance"
    xsi:schemaLocation="http://www.loc.gov/MARC21/slim http://www.loc.gov/standards/marcxml/schema/MARC21slim.xsd"
    xmlns="http://www.loc.gov/MARC21/slim">

  <leader>01185nam a2200253 a 4500</leader>
  <controlfield tag="001">78829</controlfield>
  <controlfield tag="003">BD-RjUL</controlfield>
  <controlfield tag="005">20220125100440.0</controlfield>
  <controlfield tag="008">211120s1975    ua       b    001 0 ara d</controlfield>
  <datafield tag="035" ind1=" " ind2=" ">
    <subfield code="a">(BD-RjUL)</subfield>
  </datafield>
  <datafield tag="040" ind1=" " ind2=" ">
    <subfield code="a">CU</subfield>
    <subfield code="c">CU</subfield>
    <subfield code="d">MH</subfield>
    <subfield code="d">CStRLIN</subfield>
    <subfield code="d">UkOxU</subfield>
    <subfield code="b">eng</subfield>
  </datafield>
  <datafield tag="041" ind1=" " ind2=" ">
    <subfield code="a">ara</subfield>
  </datafield>
  <datafield tag="082" ind1=" " ind2=" ">
    <subfield code="2">23</subfield>
    <subfield code="a">297.09</subfield>
    <subfield code="b">AMF 1975</subfield>
  </datafield>
  <datafield tag="100" ind1="1" ind2=" ">
    <subfield code="a">&#x623;&#x645;&#x64A;&#x646;&#x60C; &#x623;&#x62D;&#x645;&#x62F;.;; Am&#x12B;n, A&#x1E25;mad,</subfield>
    <subfield code="d">1886-1954.</subfield>
    <subfield code="9">250227</subfield>
  </datafield>
  <datafield tag="245" ind1="1" ind2="0">
    <subfield code="a">&#x641;&#x62C;&#x631; &#x627;&#x644;&#x625;&#x633;&#x644;&#x627;&#x645; ;; Fajr al-Isl&#x101;m :&#x64A;&#x628;&#x62D;&#x62B; &#x639;&#x646; &#x627;&#x644;&#x62D;&#x64A;&#x627;&#x629; &#x627;&#x644;&#x639;&#x642;&#x644;&#x64A;&#x629; &#x641;&#x64A; &#x635;&#x62F;&#x631; &#x627;&#x644;&#x625;&#x633;&#x644;&#x627;&#x645; &#x625;&#x644;&#x649; &#x622;&#x62E;&#x631; &#x627;&#x644;&#x62F;&#x648;&#x644;&#x629; &#x627;&#x644;&#x623;&#x645;&#x648;&#x64A;&#x629; ;; yab&#x1E25;athu &#x2BF;an al-hay&#x101;h al-&#x2BF;aql&#x12B;yah f&#x12B; &#x1E63;adr al-Isl&#x101;m il&#xE1; &#x101;khir al-dawlah al-Umaw&#x12B;yah /</subfield>
    <subfield code="c">&#x62A;&#x623;&#x644;&#x64A;&#x641; &#x623;&#x62D;&#x645;&#x62F; &#x623;&#x645;&#x64A;&#x646;. ;; ta&#x2BC;l&#x12B;f A&#x1E25;mad Am&#x12B;n.</subfield>
  </datafield>
  <datafield tag="250" ind1=" " ind2=" ">
    <subfield code="a">al-&#x1E6C;ab&#x2BF;ah 11</subfield>
  </datafield>
  <datafield tag="260" ind1=" " ind2=" ">
    <subfield code="a">al-Q&#x101;hirah ;; &#x627;&#x644;&#x642;&#x627;&#x647;&#x631;&#x629; :</subfield>
    <subfield code="b">&#x645;&#x643;&#x62A;&#x628;&#x629; &#x627;&#x644;&#x646;&#x647;&#x636;&#x629; &#x627;&#x644;&#x645;&#x635;&#x631;&#x64A;&#x629;&#x60C;;; Maktabat al-Nah&#x1E0D;ah al-Mi&#x1E63;r&#x12B;yah,</subfield>
    <subfield code="c">1975</subfield>
  </datafield>
  <datafield tag="300" ind1=" " ind2=" ">
    <subfield code="a">332 p. ;</subfield>
    <subfield code="c">24 cm.</subfield>
  </datafield>
  <datafield tag="500" ind1=" " ind2=" ">
    <subfield code="a">At head of title: Lajnat al-Ta&#x2BC;l&#x12B;f wa-al-Tarjamah wa-al-Nashr.</subfield>
  </datafield>
  <datafield tag="504" ind1=" " ind2=" ">
    <subfield code="a">Includes bibliographical references (p. 304) and indexes.</subfield>
  </datafield>
  <datafield tag="650" ind1=" " ind2="0">
    <subfield code="a">Islamic civilization.</subfield>
    <subfield code="9">250228</subfield>
  </datafield>
  <datafield tag="651" ind1=" " ind2="0">
    <subfield code="a">Arabian Peninsula</subfield>
    <subfield code="x">History.</subfield>
    <subfield code="9">250229</subfield>
  </datafield>
  <datafield tag="942" ind1=" " ind2=" ">
    <subfield code="2">ddc</subfield>
    <subfield code="c">BK</subfield>
  </datafield>
  <datafield tag="999" ind1=" " ind2=" ">
    <subfield code="c">78829</subfield>
    <subfield code="d">78829</subfield>
  </datafield>
  <datafield tag="952" ind1=" " ind2=" ">
    <subfield code="0">0</subfield>
    <subfield code="1">0</subfield>
    <subfield code="2">ddc</subfield>
    <subfield code="4">0</subfield>
    <subfield code="7">1</subfield>
    <subfield code="8">NFIC</subfield>
    <subfield code="a">RUCL</subfield>
    <subfield code="b">RUCL</subfield>
    <subfield code="c">Reading</subfield>
    <subfield code="d">1977-09-01</subfield>
    <subfield code="e">Darul maref </subfield>
    <subfield code="l">0</subfield>
    <subfield code="o">A 297.09 AMF 1975</subfield>
    <subfield code="r">2021-11-20 00:00:00</subfield>
    <subfield code="t">C-1</subfield>
    <subfield code="w">2021-12-09</subfield>
    <subfield code="y">BK</subfield>
  </datafield>
  <datafield tag="952" ind1=" " ind2=" ">
    <subfield code="0">0</subfield>
    <subfield code="1">0</subfield>
    <subfield code="2">ddc</subfield>
    <subfield code="4">0</subfield>
    <subfield code="7">0</subfield>
    <subfield code="8">NFIC</subfield>
    <subfield code="a">RUCL</subfield>
    <subfield code="b">RUCL</subfield>
    <subfield code="c">Stack</subfield>
    <subfield code="d">1977-09-01</subfield>
    <subfield code="e">Darul maref </subfield>
    <subfield code="l">0</subfield>
    <subfield code="o">A 297.09 AMF 1975</subfield>
    <subfield code="r">2021-11-20 00:00:00</subfield>
    <subfield code="t">C-2</subfield>
    <subfield code="w">2021-12-09</subfield>
    <subfield code="y">BK</subfield>
  </datafield>
  <datafield tag="952" ind1=" " ind2=" ">
    <subfield code="0">0</subfield>
    <subfield code="1">0</subfield>
    <subfield code="2">ddc</subfield>
    <subfield code="4">0</subfield>
    <subfield code="7">0</subfield>
    <subfield code="8">NFIC</subfield>
    <subfield code="a">RUCL</subfield>
    <subfield code="b">RUCL</subfield>
    <subfield code="c">GEN</subfield>
    <subfield code="d">1977-09-01</subfield>
    <subfield code="e">Darul maref </subfield>
    <subfield code="o">A 297.09 AMF 1975</subfield>
    <subfield code="r">2021-11-20 00:00:00</subfield>
    <subfield code="t">C-3</subfield>
    <subfield code="y">BK</subfield>
  </datafield>
  <datafield tag="952" ind1=" " ind2=" ">
    <subfield code="0">0</subfield>
    <subfield code="1">0</subfield>
    <subfield code="2">ddc</subfield>
    <subfield code="4">0</subfield>
    <subfield code="7">0</subfield>
    <subfield code="8">NFIC</subfield>
    <subfield code="a">RUCL</subfield>
    <subfield code="b">RUCL</subfield>
    <subfield code="c">GEN</subfield>
    <subfield code="d">1977-09-01</subfield>
    <subfield code="e">Dar al Maref egypt</subfield>
    <subfield code="l">0</subfield>
    <subfield code="o">A 297.09 AMF  1975</subfield>
    <subfield code="r">2022-01-25 00:00:00</subfield>
    <subfield code="t">C-4</subfield>
    <subfield code="w">2022-01-25</subfield>
    <subfield code="y">BK</subfield>
  </datafield>
  <datafield tag="952" ind1=" " ind2=" ">
    <subfield code="0">0</subfield>
    <subfield code="1">0</subfield>
    <subfield code="2">ddc</subfield>
    <subfield code="4">0</subfield>
    <subfield code="7">0</subfield>
    <subfield code="8">NFIC</subfield>
    <subfield code="a">RUCL</subfield>
    <subfield code="b">RUCL</subfield>
    <subfield code="c">GEN</subfield>
    <subfield code="d">1977-09-01</subfield>
    <subfield code="e">Dar al Maref egypt</subfield>
    <subfield code="o">A 297.09 AMF  1975</subfield>
    <subfield code="r">2022-01-25 00:00:00</subfield>
    <subfield code="t">C-5</subfield>
    <subfield code="y">BK</subfield>
  </datafield>
  <datafield tag="952" ind1=" " ind2=" ">
    <subfield code="0">0</subfield>
    <subfield code="1">0</subfield>
    <subfield code="2">ddc</subfield>
    <subfield code="4">0</subfield>
    <subfield code="7">0</subfield>
    <subfield code="8">NFIC</subfield>
    <subfield code="a">RUCL</subfield>
    <subfield code="b">RUCL</subfield>
    <subfield code="c">GEN</subfield>
    <subfield code="d">1977-09-01</subfield>
    <subfield code="e">Dar al Maref egypt</subfield>
    <subfield code="o">A 297.09 AMF  1975</subfield>
    <subfield code="r">2022-01-25 00:00:00</subfield>
    <subfield code="t">C-6</subfield>
    <subfield code="y">BK</subfield>
  </datafield>
  <datafield tag="952" ind1=" " ind2=" ">
    <subfield code="0">0</subfield>
    <subfield code="1">0</subfield>
    <subfield code="2">ddc</subfield>
    <subfield code="4">0</subfield>
    <subfield code="7">0</subfield>
    <subfield code="8">NFIC</subfield>
    <subfield code="a">RUCL</subfield>
    <subfield code="b">RUCL</subfield>
    <subfield code="c">GEN</subfield>
    <subfield code="d">1977-09-01</subfield>
    <subfield code="e">Dar al Maref egypt</subfield>
    <subfield code="o">A 297.09 AMF  1975</subfield>
    <subfield code="r">2022-01-25 00:00:00</subfield>
    <subfield code="t">C-7</subfield>
    <subfield code="y">BK</subfield>
  </datafield>
  <datafield tag="952" ind1=" " ind2=" ">
    <subfield code="0">0</subfield>
    <subfield code="1">0</subfield>
    <subfield code="2">ddc</subfield>
    <subfield code="4">0</subfield>
    <subfield code="7">0</subfield>
    <subfield code="8">NFIC</subfield>
    <subfield code="a">RUCL</subfield>
    <subfield code="b">RUCL</subfield>
    <subfield code="c">GEN</subfield>
    <subfield code="d">1977-09-01</subfield>
    <subfield code="e">Dar al Maref egypt</subfield>
    <subfield code="o">A 297.09 AMF  1975</subfield>
    <subfield code="r">2022-01-25 00:00:00</subfield>
    <subfield code="t">C-8</subfield>
    <subfield code="y">BK</subfield>
  </datafield>
  <datafield tag="952" ind1=" " ind2=" ">
    <subfield code="0">0</subfield>
    <subfield code="1">0</subfield>
    <subfield code="2">ddc</subfield>
    <subfield code="4">0</subfield>
    <subfield code="7">0</subfield>
    <subfield code="8">NFIC</subfield>
    <subfield code="a">RUCL</subfield>
    <subfield code="b">RUCL</subfield>
    <subfield code="c">GEN</subfield>
    <subfield code="d">1978-09-21</subfield>
    <subfield code="e">Dar al Maref ,  Egypt</subfield>
    <subfield code="o">A 297.09 AMF 1975</subfield>
    <subfield code="r">2024-02-27 00:00:00</subfield>
    <subfield code="t">C-10</subfield>
    <subfield code="y">BK</subfield>
  </datafield>
</record>
